La fatiga industrial / (Registro nro. 61846)
[ vista simple ]
| 000 -LEADER | |
|---|---|
| campo de control de longitud fija | 00612nam a2200181 i 4500 |
| 001 - NÚMERO DE CONTROL | |
| campo de control | 61846 |
| 003 - IDENTIFICADOR DE NÚMERO DE CONTROL | |
| campo de control | ES-MaACL |
| 005 - FECHA Y HORA DE LA ÚLTIMA TRANSACCIÓN | |
| campo de control | 20230906164545.0 |
| 007 - CAMPO FIJO DE DESCRIPCIÓN FÍSICA--INFORMACIÓN GENERAL | |
| campo de control de longitud fija | t| |
| 008 - DATOS DE LONGITUD FIJA--INFORMACIÓN GENERAL | |
| campo de control de longitud fija | 031114s1969 sp ||||1| spa d |
| 245 03 - MENCIÓN DEL TÍTULO | |
| Título | La fatiga industrial / |
| Mención de responsabilidad, etc. | Desoille...[et al.] ; [traducción de Eduardo Fernández]. |
| 260 ## - PUBLICACIÓN, DISTRIBUCIÓN, ETC. | |
| Lugar de publicación, distribución, etc. | Madrid : |
| Nombre del editor, distribuidor, etc. | Ricardo Aguilera, |
| Fecha de publicación, distribución, etc. | [1969] |
| 300 ## - DESCRIPCIÓN FÍSICA | |
| Extensión | 78 p. ; |
| Dimensiones | 18 cm. |
| 500 ## - NOTA GENERAL | |
| Nota general | Coloquio de doctores especialistas y sociólogos celebrado en 1963 por el CEIM de París. |
| 700 1# - ENTRADA AGREGADA--NOMBRE PERSONAL | |
| Nombre de persona | Desoille, Henri. |
| 9 (RLIN) | 43913 |
| 700 1# - ENTRADA AGREGADA--NOMBRE PERSONAL | |
| Nombre de persona | Fernández, Eduardo. |
| 9 (RLIN) | 49355 |
| 852 ## - LOCALIZACIÓN | |
| Ubicación | ES-MaACL |
| Número de control de estantería | C-53487 |
| Sublocalización o colección | R.68815 |
| Estatus retirado | Estado de pérdida | Estado de daño | No para préstamo | Biblioteca de origen | Biblioteca actual | Ubicación en estantería | Fecha de adquisición | Fuente de adquisición | Total de préstamos | Signatura topográfica completa | Código de barras | Visto por última vez | Precio de reemplazo | Tipo de ítem Koha |
|---|---|---|---|---|---|---|---|---|---|---|---|---|---|---|
| Biblioteca del Ateneo de Madrid | Biblioteca del Ateneo de Madrid | Depósito 2 | 17/01/2008 | C-53487 | 1064843 | 23/02/2023 | 23/02/2023 | Libro impreso |
